Statistics for What's In the Middle (Song Titles)

Click here to take the quiz!

General Stats

  • This quiz has been taken 942 times
  • The average score is 16 of 20

Answer Stats

HintMiddleHint% Correct
SweetHomeAlabama
98%
CallMeMaybe
97%
Don'tStopBelievin'
97%
WeAreFamily
96%
KungFuFighting
95%
ShakeItOff
95%
MovesLikeJagger
95%
Don'tBeCruel
92%
VivaLasVegas
92%
DiamondsAreForever
84%
BrownEyedGirl
83%
SaturdayNightSpecial
78%
LittleRedCorvette
75%
PapaDon'tPreach
71%
StrawberryFieldsForever
69%
LoveMeDo
67%
BetteDavisEyes
56%
JumpingJackFlash
56%
OldManRiver
43%
HarperValleyPTA
26%

Score Distribution

Percentile by Number Answered

Percent of People with Each Score

Your Score History

You have not taken this quiz